000 00680nam a22002297a 4500
003 OSt
005 20250916020003.0
008 160902b xxu||||| |||| 00| 0 eng d
020 _a9780853696902
040 _cDMLN
082 _aQZ4 G835p 2008
100 _aGreene, Russell J. ;Harris, Norman D.
_910993
245 _aPathology and Therapeutics for Pharmacists: a basis for clinical pharmacy practice
250 _a3rd ed.
260 _aLondon; Pharmaceutical Press, 2008
300 _axii,982p; col.ill: 25cm
504 _aReferences, & index included
650 _aPathology
_937
650 _aTherapeutics
_91626
650 _aPharmacy
_910994
942 _2z
_cO_SHELF
_01
999 _c5147
_d5147